=LDR 00000nam 2200000 4500 =001 INLIS000000000017682 =005 20130612112910 =008 ***********************************Ind** =035 ##$$0010-061300000017682 =041 ##$$a Ind =082 ##$$a 373.06 =090 ##$$a 373.06, Pan p =245 ##$$a Panduan latihan pelajar aktif pengetahuan sosial kewarganegaraan untuk SMP =260 ##$$a 2004 $b Bandung =300 ##$$a ...jil, 30 cm =650 ##$$a Pendidikan lanjutan Evaluasi kewarganegaraan =850 ##$$a NBPNMAT